000 00702nas a2200217 i 4500
001 2936
003 ES-MaACL
005 20250709062529.0
007 t|
008 060816d1890 it | | 0 ||ta d
245 0 0 _aBandiera bianca
_b: almanacco illustrato per la pace 1899- [1900] /
_ca cura del Comitato della Societáa Internazionale per la Pace "Unione Lombarda".
260 _aMilano :
_b[s.n.],
_c1890- (
_fTip. Bernardoni di C. Rebeschini e C.,)
300 _a2 v. :
_bil. ;
_c20 cm.
310 _bAnual
362 0 _a1890-
852 _aES-MaACL
_jT-796-F-1 (Año 1899)
852 1 _aBA
_jT-931-F-1 (Año 1900)
866 0 _o1899-1900.
942 _2udc
_cPERIODICA
999 _c2936
_d2936